Ιστορία της αρχαίας ελληνικής λογοτεχνίας
Αποθηκεύτηκε σε:
| Κύριος συγγραφέας: | |
|---|---|
| Άλλοι συγγραφείς: | , |
| Μορφή: | Βιβλίο |
| Γλώσσα: | Greek French |
| Δημοσίευση: |
Αθήνα :
Παπαδήμας,
1984.
|
| Έκδοση: | 2η έκδ. |
| Θέματα: | |
| Ετικέτες: |
Προσθήκη ετικέτας
Δεν υπάρχουν, Καταχωρήστε ετικέτα πρώτοι!
|
MARC
| LEADER | 00000cam a2200000 i 4500 | ||
|---|---|---|---|
| 001 | 1/50308 | ||
| 008 | 040308s1984 gr | ||| |||| ||gre|| | ||
| 035 | |l 10072560 | ||
| 040 | |a GR-MyUa |b gre |e AACR2 | ||
| 041 | 1 | |a gre |h fre | |
| 082 | 7 | |a 880.09 |2 (23) | |
| 100 | 1 | |a Flaceliere, Robert, |d 1904-1982. | |
| 245 | 1 | 0 | |a Ιστορία της αρχαίας ελληνικής λογοτεχνίας / |c Robert Flaceriere ; μετάφραση, επιμέλεια, συμπληρωματική βιβλιογραφία: Γεράσιμου Δ. Βανδώρου και Ελπινίκης Κάζου-Βανδώρου. |
| 250 | |a 2η έκδ. | ||
| 260 | |a Αθήνα : |b Παπαδήμας, |c 1984. | ||
| 300 | |a 622 σ. : |b χαρτ. ; |c 45 εκ. | ||
| 500 | |a Τίτλος πρωτοτύπου: Histoire littéraire de la Grèce. | ||
| 504 | |a Περιλαμβάνει βιβλιογραφίες. | ||
| 650 | 0 | |a Greek literature |x History. | |
| 650 | 0 | |a Literature, Ancient |x History. | |
| 700 | 1 | |a Βανδώρος, Γεράσιμος Δ. |e trl |e edt | |
| 700 | 1 | |a Κάζου-Βανδώρου, Ελπινίκη, |e trlf |e edtf | |
| 852 | |a INST |b RHODES |c AKA |e 20040308 |h 880.09 FLA |p 005400019528 |q 005400019528 |t BK |y 0 | ||
| 852 | |a INST |b RHODES |c AKA |e 20040308 |h 880.09 FLA |p 005400019529 |q 005400019529 |t BK |y 0 | ||
| 852 | |a INST |b RHODES |c KRI |e 20050530 |h 880.09 FLA |p 005400023421 |q 005400023421 |t BK |y 0 | ||
| 901 | |a BIBL4-2004-1 | ||
| 970 | |a Κουλακιότη |b Λίτσα |z 2004/03/08 | ||